000 02262nam a22002537a 4500
999 _c64127
_d64127
003 Ge_BSU
005 20260408165157.0
008 260408s2021 ge ||||| |||| 00| 0 geo d
020 _a9789941829765
041 _ageo
080 _a327(479.22) :323.173(479.22) ხ-73
100 _aხონელიძე, ზურაბ
_927301
245 _aმშვიდობის ქართული პარადიგმა :
_bსაუნივერსიტეტო დიპლომატია, საქართველოს არჩევანი = Georgian paradigm of peace : University diplomacy, choice of Georgia = Грузинская парадигма мира : Университетская дипломатия, выбор Грузии /
_cზურაბ ხონელიძე; მთ. რედაქტორი ლადო ჭანტურია; ინგლისური ტექსტის რედაქტორი ნუგზარ რუხაძე; რუსული ტექსტის რედაქტორები: მაკა კაჭარავა, ნინო მეუნარგია; რედაქტორ-გამომცემელი ზაურ ნაჭყებია.
264 _aთბილისი :
_bზაურ ნაჭყებია,
_c2021.
300 _a364 გვ. :
_bილ. ;
_c25 სმ.
504 _aბიბლიოგრაფია ტექსტების ბოლოს და ტექსტის შენიშვნებში.
653 _aკონფლიქტების მოგვარება
653 _aეთნოკონფლიქტები საქართველოში
653 _aსაქართველოს დიპლომატიური ურთიერთობები
700 _aჭანტურია, ლადო
_eმთ. რედაქტორი
_927302
700 _aრუხაძე, ნუგზარ
_e ინგლ. ტექსტის რედაქტორი
_927303
700 _aკაჭარავა, მაკა და სხვ.
_eრუს. ტექსტის რედაქტორი
_927304
942 _2udc
_cᲬᲘᲒᲜᲘ